| 000 | 00549nam a22001937a 4500 | ||
|---|---|---|---|
| 999 |
_c12834 _d12834 |
||
| 003 | MIRAKIL | ||
| 005 | 20190228172403.0 | ||
| 008 | 190228b tu ||||| |||| 00| 0 tur d | ||
| 020 | _a9789753510516 | ||
| 040 |
_aTR-AnCHP _cTR-AnCHP |
||
| 041 | _atur | ||
| 082 |
_a811.42 _bE62h 2015 |
||
| 100 | 1 | _aErdost, Muzaffer İlhan. | |
| 245 | 1 | 0 |
_aHavada yanan güvercin : _bşiir/ler / _cMuzaffer İlhan Erdost. |
| 260 |
_aAnkara : _bOnur yayınları, _c2015. |
||
| 300 |
_a108 s. : _c19 sm. |
||
| 650 | 0 |
_aTürk edebiyatı _919 _xŞiir |
|
| 942 |
_2ddc _cBKS |
||